Proyecto de investigación sobre industrialización y empresas transnacionales en Centroamérica

Uloženo v:
Podrobná bibliografie
Hlavní autor: Castillo, Donald
Korporativní autor: Instituto Latinoamericano de Estudios Transnacionales
Médium: Text
Vydáno: s.l: s.e.
Tagy: Přidat tag
Žádné tagy, Buďte první, kdo vytvoří štítek k tomuto záznamu!

MARC

LEADER 00000 a a2200000 04500
001 22263
003
040
090 |a 151200  
100 |a Castillo, Donald  
110 |a Instituto Latinoamericano de Estudios Transnacionales  
245 |a Proyecto de investigación sobre industrialización y empresas transnacionales en Centroamérica  
260 |a s.l:   |b s.e.  
300 |a 48 p  
999 |c 11417  |d 11417